[Event "Niedersachsen-ch Seniors 42th"]
[Site "Sottrum"]
[Date "2008.04.17"]
[Round "8"]
[White "Perk, Egbert"]
[Black "Ebersbach, Wolrad"]
[Result "0-1"]
[WhiteElo "1868"]
[BlackElo "1721"]
[PlyCount "72"]
[EventDate "2008.04.10"]
[EventType "swiss"]
[EventRounds "9"]
[EventCountry "GER"]
[SourceTitle "EXT 2022"]
[Source "ChessBase"]
[SourceDate "2021.10.06"]
[SourceVersion "1"]
[SourceVersionDate "2021.10.06"]
[SourceQuality "1"]

1. d4 e6 2. c4 d5 3. Nf3 Nf6 4. e3 Be7 5. Nc3 0-0 6. Bd3 Nbd7 7. 0-0 c6 8. e4 dxc4 9. Bxc4 b5 10. Bd3 b4 11. Ne2 c5 12. e5 Nd5 13. Re1 Bb7 14. Bc2 c4 15. Ng3 Re8 16. Qe2 Rc8 17. Qe4 Nf8 18. h4 Qd7 19. Qg4 Kh8 20. h5 Rc7 21. h6 g6 22. Ng5 Bd8 23. N3e4 f5 24. exf6 Nxf6 25. Nxf6 Bxf6 26. Be3 Bd5 27. Ne4 Bxe4 28. Qxe4 Qe7 29. g4 g5 30. Qf3 Rd7 31. Bf5 Qd6 32. Re2 a5 33. Rd1 c3 34. Bc1 Kg8 35. b3 Rde7 36. Rde1 exf5 0-1

[Event "Niedersachsen-ch Seniors 41st"]
[Site "Sottrum"]
[Date "2007.03.25"]
[Round "4"]
[White "Ebersbach, Wolrad"]
[Black "Jung, Michael"]
[Result "1-0"]
[WhiteElo "1739"]
[BlackElo "1653"]
[PlyCount "26"]
[EventDate "2007.03.22"]
[EventType "swiss"]
[EventRounds "9"]
[EventCountry "GER"]
[SourceTitle "EXT 2022"]
[Source "ChessBase"]
[SourceDate "2021.10.06"]
[SourceVersion "1"]
[SourceVersionDate "2021.10.06"]
[SourceQuality "1"]

1. e4 c5 2. Nf3 e6 3. g3 d5 4. exd5 exd5 5. d4 Nf6 6. Bg2 cxd4 7. Nxd4 Nc6 8. 0-0 Be7 9. Nc3 0-0 10. Bg5 Be6 11. Re1 Nxd4 12. Qxd4 b6 13. Rad1 Rc8 1-0